000 00497nam a2200157Ia 4500
003 GCL
005 20240530104521.0
008 140319s9999 xx 000 0 ara d
040 _aGCL /
_cGCL
082 0 4 _a191
_bع ف
100 1 _aعبدالرحمن بدوى
245 1 0 _aالفلسفة والفلاسفة فى الحضارة العربية /
_cعبدالرحمن بدوى
300 _a257 ص
490 _aموسوعة الحضارة العربية الاسلامية
_v0
942 _2ddc
_cBK
999 _c48285
_d48285